A mi időnkben (1926-2001). {In timpurile noastre}. [In our times]
Elmentve itt :
| Szerző: | |
|---|---|
| Adatforrás: | Meister |
| Forrásdokumentuma: | Korunk. - 2001. 2, 3-11. |
| Nyelv: | magyar |
| Kulcsszavak: | sajtótörténet művelődéstörténet Korunk DIENES László LIGETI Ernő HATVANY Lajos istoria presei istoria culturii history of press history of culture |
| LEADER | 00634nab a2200229 i 4500 | ||
|---|---|---|---|
| 001 | bibPRO00012036 | ||
| 008 | 080908s2001 xx hun | ||
| 040 | |a Sz1 | ||
| 041 | |a hun | ||
| 100 | 1 | |a KÁNTOR Lajos | |
| 245 | 1 | 2 | |a A mi időnkben (1926-2001). {In timpurile noastre}. [In our times] |c KÁNTOR Lajos |
| 695 | |a sajtótörténet | ||
| 695 | |a művelődéstörténet | ||
| 695 | |a Korunk | ||
| 695 | |a DIENES László | ||
| 695 | |a LIGETI Ernő | ||
| 695 | |a HATVANY Lajos | ||
| 695 | |a istoria presei | ||
| 695 | |a istoria culturii | ||
| 695 | |a history of press | ||
| 695 | |a history of culture | ||
| 773 | 0 | |t Korunk. - |g 2001. 2, 3-11. | |